Personnages The Walking Dead - Statistiques

Statistiques générales
  • Ce quiz a été pris 58 fois
  • Le résultat moyen est 69 sur 214
Statistiques - réponses
Hint Réponse % Correct
1 Fusillade Rick Grimes
100%
2 Fusillade Shane Walsh
97%
12 Campement Lori Grimes
95%
13 Campement Carl Grimes
89%
20 Campement Daryl Dixon
89%
6 Atalanta Glenn Rhee
87%
31 Ferme Beth Greene
84%
18 Campement Carol Peletier
84%
27 Ferme Maggie Greene
84%
7 Atalanta Andrea Harrison
82%
201 Les gardiens Hershel Jr
82%
14 Campement Dale
76%
11 Atalanta Merle Dixon
76%
19 Campement Sophia Peletier
76%
9 Atalanta T-Dog
74%
15 Campement Amy Harisson
71%
17 Campement Ed Peletier
71%
16 Campement Jim
71%
3 King country Morgane Jones
71%
78 Camion militaire Rosita
71%
76 Camion militaire Abraham
68%
77 Camion militaire Eugene
68%
46 Woodbury Le Gouverneur
68%
10 Atalanta Jacqui
66%
37 Alentour de la ferme Michonne
66%
134 Sauveurs Negan
66%
58 alentour de la prison S3 Sasha
66%
92 Eglise Gabriel
61%
26 Ferme Otis
61%
71 Campement Woodbury Tara
61%
4 King country Duane Jones
58%
124 La colline Jesus
58%
57 alentour de la prison S3 Tyreese
58%
45 Prison S3 Judith
55%
186 Chuchoteurs Alpha
53%
152 Le Royaume Ezekiel
53%
8 Atalanta Morales
53%
96 Hôpital Noah
53%
206 Commonwealth Pamela Milton
53%
187 Chuchoteurs Beta
50%
62 Prison S4 Bob
50%
99 Hôpital Bob
50%
30 Ferme Jimmy
50%
29 Ferme Patricia
50%
123 La colline Gregory
47%
106 Alexandria Spencer
47%
102 Alexandria Aaron
45%
130 Sauveurs Dwight
45%
25 CDC Edwin Jenner
45%
108 Alexandria Enid
45%
156 Le Royaume Henry
45%
167 Les Charognards Jadis
45%
133 Sauveurs Simon
45%
154 Le Royaume Jerry
42%
188 Chuchoteurs Lydia
42%
47 Woodbury Milton
42%
44 Prison S3 Axel
39%
60 alentour de la prison S3 Ben
39%
93 Hôpital Dawn
39%
104 Alexandria Deanna
39%
117 Alexandria Denise
39%
103 Alexandria Eric
39%
82 Les Chasseurs Len
39%
65 Prison S4 Lizzie
39%
90 Terminus Mary
39%
189 Chuchoteurs Mary
39%
109 Alexandria Olivia
39%
74 Campement Woodbury Pete
39%
110 Alexandria Pete
39%
41 Prison S3 Andrew
37%
137 Sauveurs Arat
37%
184 Alentour Alexandria Connie
37%
88 Terminus Gareth
37%
56 Woodbury Karen
37%
69 Campement Woodbury Lilly
37%
70 Campement Woodbury Meghan
37%
161 Le Royaume Nabila
37%
112 Alexandria Ron
37%
79 alentour de la prison S4 Sam
37%
113 Alexandria Sam
37%
153 Le Royaume Shiva
37%
185 Alentour Alexandria Kelly
34%
183 Alentour Alexandria Luke
34%
181 Alentour Alexandria Magna
34%
48 Woodbury Martinez
34%
210 Commonwealth Michael Mercer
34%
66 Prison S4 Mika
34%
114 Alexandria Nicholas
34%
43 Prison S3 Oscar
34%
36 Senoia Randall
34%
59 alentour de la prison S3 Allen
32%
157 Le Royaume Benjamin
32%
42 Prison S3 Big Tiny
32%
111 Alexandria Jessie
32%
179 Maison foret Leah
32%
89 Terminus Martin
32%
178 Alexandria Rick Jr
32%
171 Alentour Alexandria Siddiq
32%
182 Alentour Alexandria Yumiko
32%
84 Les Chasseurs Dan
29%
61 alentour de la prison S3 Donna
29%
28 Ferme Hershel Greene
29%
205 Pennsylvanie Princesse
29%
207 Commonwealth Sebastian milton
29%
49 Woodbury Shumpert
29%
173 La colline Tammy Rose
29%
40 Prison S3 Tomas
29%
135 Sauveurs Gavin
26%
55 Woodbury Haley
26%
5 King country Jenny Jones
26%
73 Campement Woodbury Mitch
26%
63 Prison S4 Patrick
26%
50 Woodbury Penny
26%
105 Alexandria Reg
26%
155 Le Royaume Richards
26%
107 Alexandria Alden
24%
150 Sauveurs Alden
24%
32 Ferme Annette
24%
162 Oceanside Cyndie
24%
34 Senoia Dave
24%
174 La colline Earl
24%
116 Alexandria Francine
24%
23 Hôpitale Guillermo
24%
208 Commonwealth Lance Hornsby
24%
119 Alexandria Scott
24%
131 Sauveurs Sherry
24%
52 Woodbury Tim
24%
214 Commonwealth Toby Carlson
24%
35 Senoia Tony
24%
24 Hôpitale Abuela
21%
91 Terminus Alex
21%
53 Woodbury Crowley
21%
151 Sauveurs DJ
21%
54 Woodbury Gargulio
21%
118 Alexandria Heath
21%
202 Les faucheurs Le Pape
21%
121 Wolf Owen
21%
115 Alexandria Tobin
21%
83 Les Chasseurs Tony
21%
164 Oceanside Beatrice
18%
203 Les faucheurs Brandon Carver
18%
191 Chuchoteurs Dante
18%
68 Prison S4 David
18%
72 Campement Woodbury David
18%
158 Le Royaume Dianne
18%
122 Forêt Eastman
18%
196 Les gardiens Elijah
18%
81 Les Chasseurs Joe
18%
125 La colline Kal
18%
138 Sauveurs Laura
18%
180 Maison foret Le chien
18%
87 Les Chasseurs Lou
18%
211 Commonwealth Maxxine Porter
18%
38 Alentour de la ferme Mike
18%
163 Oceanside Rachel
18%
64 Prison S4 Zach
18%
177 La Colline Adeline
16%
126 La colline Bertie
16%
22 Hôpitale Felipe
16%
136 Sauveurs Jared
16%
166 Oceanside Natania
16%
145 Sauveurs Amber
13%
67 Prison S4 Caleb
13%
148 Sauveurs Emmett
13%
175 La Colline Gage
13%
94 Hôpital Gorman
13%
195 Flashback Lucile
13%
51 Woodbury Michael Coleman
13%
33 Ferme Shawn Greene
13%
169 Les Charognards Tamiel
13%
132 Sauveurs Tina
13%
212 Commonwealth Tomichi Okumura
13%
193 Alentour d'Oceanside Virgil
13%
168 Les Charognards Brion
11%
120 Alexandria Carter
11%
170 Alentour La Colline Georgie
11%
146 Sauveurs Mark
11%
21 Hôpitale Miguel
11%
192 Détrousseur Ozzy
11%
176 La Colline Rodney
11%
100 Hôpital Shepherd
11%
95 Hôpital Steven
11%
39 Alentour de la ferme Terry
11%
129 La colline Andy
8%
85 Les Chasseurs Billy
8%
197 Les gardiens Cole
8%
143 Sauveurs Frankie
8%
139 Sauveurs Gary
8%
147 Sauveurs Gros Joey
8%
128 La colline Harlan
8%
86 Les Chasseurs Harley
8%
194 Flashback Alexandria Jocelyn
8%
142 Sauveurs Michelle
8%
141 Sauveurs Molly
8%
98 Hôpital O'donnell
8%
140 Sauveurs Paula
8%
144 Sauveurs Tania
8%
199 Les gardiens Agatha
5%
75 Campement Woodbury Allsha
5%
80 alentour de la prison S4 Ana
5%
149 Sauveurs Bud
5%
160 Le Royaume Daniel
5%
198 Les gardiens Duncan
5%
190 Chuchoteurs Frances
5%
200 Les gardiens Frost
5%
97 Hôpital Joan
5%
165 Oceanside Kathy
5%
209 Commonwealth Shira
5%
213 Commonwealth Tyler davis
5%
159 Le Royaume Alvaro
3%
127 La colline Freddie
3%
172 La colline keneth
3%
101 Hôpital Licarl
3%
204 Les faucheurs Mancea
3%
Aucun quiz correspondant
Distribution des résultats
% des personnes avec chaque résultat
Percentile par nombre de réponses
Votre historique - résultats
Vous n’avez pas pris ce quiz